Integration of pharmaceutical discovery and development : case histories /

Bibliographic Details
Corporate Author: NetLibrary, Inc
Other Authors: Borchardt, Ronald T.
Format: eBook
Language:English
Published: New York : Kluwer Academic Publishers, [2002]
Series:Pharmaceutical biotechnology ; v. 11.
Subjects:
Online Access:Connect to the full text of this electronic book

MARC

Tag First Indicator Second Indicator Subfields
LEADER 00000cam a2200000Ia 4500
001 in00001844921
005 20220105140554.0
006 m d
007 cr cn-
008 021112s2002 nyua sb 001 0 eng d
020 |a 0306473844 (electronic bk.) 
035 |a (OCoLC)ocm50988528 
040 |a N$T  |c N$T  |d UtOrBLW 
049 |a IICC 
050 1 4 |a RM301.25  |b .I57 2002eb 
060 1 4 |a QV 744  |b I5923 2002 
070 1 |a RS380.P53  |b v.11 
082 0 4 |a 615/.19  |2 21 
245 0 0 |a Integration of pharmaceutical discovery and development :  |b case histories /  |c edited by Ronald T. Borchardt [and others]. 
264 1 |a New York :  |b Kluwer Academic Publishers,  |c [2002] 
264 4 |c ©2002 
300 |a xxix, 607 pages :  |b illustrations 
336 |a text  |b txt  |2 rdacontent 
337 |a computer  |b c  |2 rdamedia 
338 |a online resource  |b cr  |2 rdacarrier 
490 1 |a Pharmaceutical biotechnology ;  |v v. 11 
538 |a Mode of access: World Wide Web. 
506 |a Made available through NetLibrary; access may be limited to NetLibrary affiliated libraries. 
500 |a Electronic version version of edition published: New York : Plenum Press, c1998. 
504 |a Includes bibliographical references and index. 
500 |a Electronic resource. 
650 0 |a Drug development.  |0 http://id.loc.gov/authorities/subjects/sh97007921 
650 0 |a Drugs  |x Design.  |0 http://id.loc.gov/authorities/subjects/sh88001157 
650 0 |a Drugs  |x Testing.  |0 http://id.loc.gov/authorities/subjects/sh85039755 
650 1 2 |a Drug Design.  |0 https://id.nlm.nih.gov/mesh/D015195 
650 2 2 |a Chemistry, Pharmaceutical.  |0 https://id.nlm.nih.gov/mesh/D002626 
650 2 2 |a Drug Evaluation.  |0 https://id.nlm.nih.gov/mesh/D004341 
655 7 |a Electronic books.  |2 local 
700 1 |a Borchardt, Ronald T.  |0 http://id.loc.gov/authorities/names/n78087823 
710 2 |a NetLibrary, Inc.  |0 http://id.loc.gov/authorities/names/no99080690 
776 1 |c Original  |z 0306457431 
830 0 |a Pharmaceutical biotechnology ;  |v v. 11.  |0 http://id.loc.gov/authorities/names/n88525418 
856 4 1 |u https://proxy.library.tamu.edu/login?url=http://www.netLibrary.com/urlapi.asp?action=summary&v=1&bookid=71180  |z Connect to the full text of this electronic book  |t 0 
994 |a 92  |b IIC 
999 |a MARS 
999 f f |s afb4e0b4-08d5-3e84-a64e-840cbf444e4c  |i 27640c13-954e-34b6-9eb7-50597f1b6dcb  |t 0 
952 f f |a Texas A&M University  |b College Station  |c Electronic Resources  |d Available Online  |t 0  |e RM301.25 .I57 2002eb  |h Library of Congress classification 
998 f f |a RM301.25 .I57 2002eb  |t 0  |l Available Online